30 novelty architecture (Record no. 9766)
[ view plain ]
| 000 -LEADER | |
|---|---|
| fixed length control field | 00261nam a2200109Ia 4500 |
| 008 - FIXED-LENGTH DATA ELEMENTS--GENERAL INFORMATION | |
| fixed length control field | 220112s9999||||xx |||||||||||||| ||und|| |
| 020 ## - INTERNATIONAL STANDARD BOOK NUMBER | |
| International Standard Book Number | 9789812457639 |
| 082 ## - DEWEY DECIMAL CLASSIFICATION NUMBER | |
| Classification number | 720 |
| Item number | QIA |
| 100 ## - MAIN ENTRY--PERSONAL NAME | |
| Personal name | Qiaoxin Ye; Yuyan Zhang |
| 245 #0 - TITLE STATEMENT | |
| Title | 30 novelty architecture |
| 942 ## - ADDED ENTRY ELEMENTS (KOHA) | |
| Source of classification or shelving scheme | |
| Withdrawn status | Lost status | Source of classification or shelving scheme | Damaged status | Koha normalized classification for sorting | Not for loan | Permanent location | Current location | Date acquired | Source of acquisition | Cost, normal purchase price | Full call number | Barcode | Date last seen | Cost, replacement price | Price effective from | Koha item type |
|---|---|---|---|---|---|---|---|---|---|---|---|---|---|---|---|---|
| 720_000000000000000_QIA | BMS College of Architecture, Design and Planning | BMS College of Architecture, Design and Planning | 2022-03-02 | 4 | 3541.50 | 720 QIA | AR-UG2352 | 2022-03-02 | 4722.00 | 2022-03-02 | UG Books |